Normal view
MARC view
- Hawrybzkiewyez, I.T
Entry Personal Name
001 - CONTROL NUMBER
- control field: 59325
003 - CONTROL NUMBER IDENTIFIER
- control field: NUST
005 - DATE AND TIME OF LATEST TRANSACTION
- control field: 20210628202322.0
008 - FIXED-LENGTH DATA ELEMENTS
- fixed length control field: 210628|| aca||aabn | a|a d
040 ## - CATALOGING SOURCE
- Original cataloging agency: NUST
- Transcribing agency: NUST
100 ## - HEADING--PERSONAL NAME
- Personal name: Hawrybzkiewyez, I.T
670 ## - SOURCE DATA FOUND
- Source citation: Work cat.: (NUST): Hawrybzkiewyez, I.T, Introduction to system analysis and design, 1994
